000 00846nam a2200265 a 4500
003 CO-ViMGA
005 20230915232209.0
008 081217s2007 sp a gr 00010 spa d
020 _a9788434223691
040 _aCO-ViMGA
_bspa
_cCO-ViMGA
082 0 4 _a371.397
_bR67j
_220
100 1 _aRos, Jordina.
_92091
245 1 0 _aJuegos de expresión corporal /
_cJordina Ros, ilustraciones Sonia Alins.
250 _a6a. ed.
_bEditor Jesús Araújo.
260 3 _aBarcelona :
_bParramón,
_c2007.
300 _a79 p. :
_bil. ;
_c28 cm.
490 _aJuegos en movimiento
650 1 4 _aJuegos educativos.
_92104
650 1 4 _aJuegos.
_92093
650 6 _aEducación de niños.
_9569
650 6 _aExpresión corporal
_x Enseñanza.
_92101
700 1 _aAlins, Sonia,
_eil.
_92095
700 1 _aAraújo, Jesús,
_eed.
_92105
942 _2ddc
_cBK
999 _c33709
_d33709